High performing property publications (Record no. 120609)

MARC details
000 -LEADER
fixed length control field 00907cai a22001815a 4500
001 - CONTROL NUMBER
control field L138707
008 - FIXED-LENGTH DATA ELEMENTS--GENERAL INFORMATION
fixed length control field 070704u xxk f 000 0 eng d
035 ## - SYSTEM CONTROL NUMBER
System control number (Sirsi) u138707
041 0# - LANGUAGE CODE
Language code of text/sound track or separate title eng
110 2# - MAIN ENTRY--CORPORATE NAME
Corporate name or jurisdiction name as entry element Office of Government Commerce
9 (RLIN) 3987
245 00 - TITLE STATEMENT
Title High performing property publications
Medium [electronic resource]
520 ## - SUMMARY, ETC.
Summary, etc. Webpage listing online publications relating to government's High Performing Property initiative, a five year strategy and implementation plan for improving the management and use of government's office estate. Includes the "High performance property implementation plan" and "High performance property: routemap to asset management excellence".
590 ## - LOCAL NOTE (RLIN)
Local note KA
651 #4 - SUBJECT ADDED ENTRY--GEOGRAPHIC NAME
Geographic name United Kingdom
Chronological subdivision
690 ## - LOCAL SUBJECT ADDED ENTRY--TOPICAL TERM (OCLC, RLIN)
Topical term or geographic name as entry element Block management
9 (RLIN) 6220
856 40 - ELECTRONIC LOCATION AND ACCESS
Uniform Resource Identifier <a href="https://83.231.159.113/efficiency_documents_better_asset_management.asp">https://83.231.159.113/efficiency_documents_better_asset_management.asp</a>
Public note View the website free of charge online.
942 ## - ADDED ENTRY ELEMENTS (KOHA)
Suppress in OPAC 0
Holdings
Withdrawn status Lost status Source of classification or shelving scheme Damaged status Not for loan Home library Current library Shelving location Date acquired Total Checkouts Full call number Barcode Date last seen Copy number Price effective from Koha item type
    Dewey Decimal Classification     Virtual Virtual Online 04/07/2007   WEB SITE 138707-2001 06/08/2019 1 06/08/2019 Online material